000 00812nam a2200241 a 4500
003 MX-MxUPN
005 20220725122246.0
008 220725t1978 cu a||||r|||| 000 0 spa d
040 _aMX-MxUPN
_bspa
_cMX-MxUPN
041 0 _aspa
050 1 4 _aLB1665 C97
_bS26
100 1 _aSantos Palma, Edith Miriam
_944669
100 1 _aPrieto Márquez, Gerardo
_944736
100 1 _aDíaz Sampelayo, Norma
_945380
100 1 _aRojas Fernández, Julia
_944673
100 1 _aFernández Meneses, Migdalia
_944670
245 1 0 _aZoología 1 :
_bséptimo grado
260 _aCiudad de La Habana :
_bEditorial Pueblo y Educación,
_c©1978.
300 _a260 páginas :
_bilustraciones.
650 4 _aZoología
_xEstudio y enseñanza (Secundaria)
_945378
650 4 _aZoología
_vLibros de texto
_945379
942 _2lcc
_cLIBRO
999 _c208751
_d208751